000 01030cab a2200241 4500
001 ABS48262
008 090401t1993 xxu||||| |||| 00| 0 eng d
035 _a(Sirsi) u65778
041 _aeng
100 _aBates, J.
245 _aAsset managers as receivers
260 _c1993
350 _a0
490 _aEstates Gazette
_v(9308) 27 February 1993, 116-117(2)
520 _aThere has been much debate on how to realise value from property or other assets on behalf of secured lenders. The questions arise as to whether to allow borrowers` existing management to work problems through without bringing in receivers at all and whether administrative receivers are the most suitable choice for this asset management situation. This article suggests an alternative cheaper route, the Law of Property Act receiver.
650 _aLAW OF PROPERTY ACT 1925 S101
650 _aLAW OF PROPERTY ACT RECEIVERS
650 _aRECEIVERSHIP
690 _aLAW
700 _aWalker-Arnott, T.
942 _n0
948 _c04/03/1997
999 _c41061
_d41061